Tous les Joueurs de Serie A valorisés à plus de 40M€ - Statistiques

Statistiques générales
  • Ce quiz a été pris 54 fois
  • Le résultat moyen est 16 sur 20
Statistiques - réponses
Prix Club Joueur Nationalité % Correct
110M Inter Milan Lautaro Martínez Argentine
100%
90M AC Milan Rafael Leão Portugal
100%
100M SSC Napoli Victor Osimhen Nigeria
100%
65M Inter Milan Marcus Thuram France
96%
50M Inter Milan Benjamin Pavard France
92%
40M AC Milan Christian Pulisic Etats-Unis
92%
65M Juventus Turin Dušan Vlahović Serbie
92%
80M Inter Milan Nicolò Barella Italie
92%
60M AC Milan Theo Hernández France
92%
80M SSC Napoli Khvicha Kvaratskhelia Géorgie
84%
40M Atalanta Bergame Ademola Lookman Nigeria
78%
70M Inter Milan Alessandro Bastoni Italie
76%
45M Inter Milan Hakan Çalhanoğlu Turquie
73%
60M Juventus Turin Bremer Brésil
69%
50M Inter Milan Federico Dimarco Italie
69%
40M AC Milan Fikayo Tomori Angleterre
67%
70M Juventus Turin Douglas Luiz Brésil
65%
50M Atalanta Bergame Teun Koopmeiners Pays-Bas
63%
40M Atalanta Bergame Éderson Brésil
33%
45M Atalanta Bergame Giorgio Scalvini Italie
22%
Aucun quiz correspondant
Distribution des résultats
% des personnes avec chaque résultat
Percentile par nombre de réponses
Votre historique - résultats
Vous n’avez pas pris ce quiz